[Event "Titled Tue 17th Jun Late"]
[Site "chess.com INT"]
[Date "2025.06.17"]
[Round "10"]
[White "Drygalov, Sergey"]
[Black "Rustamov, Rustam"]
[Result "1-0"]
[WhiteTitle "GM"]
[BlackTitle "FM"]
[WhiteElo "2560"]
[BlackElo "2334"]
[WhiteFideId "24171743"]
[BlackFideId "13440110"]
[EventDate "2025.06.17"]

1. d4 Nf6 2. c4 e6 3. Nf3 d5 4. Nc3 a6 5. cxd5 exd5 6. Bg5 Bb4 7. e3 h6 8. Bh4
g5 9. Bg3 Ne4 10. Nd2 Nxg3 11. hxg3 c6 12. Bd3 Qe7 13. Qc2 Nd7 14. O-O-O Bxc3
15. Qxc3 Nf6 16. e4 dxe4 17. Nxe4 Nd5 18. Qc5 Qxc5+ 19. dxc5 Be6 20. Nxg5 Ke7
21. Nxe6 fxe6 22. Rh2 Rad8 23. Be4 Nf6 24. Rxd8 Kxd8 25. Bf3 e5 26. g4 e4 27.
Be2 Rh7 28. Kd2 Ke7 29. Ke3 Ke6 30. Bc4+ Ke5 31. f4+ exf3 32. gxf3 Nd5+ 33. Bxd5
Kxd5 34. Rh5+ Kc4 35. f4 Re7+ 36. Kf3 Re6 37. f5 Rf6 38. Ke4 Kxc5 39. Ke5 Rd6
40. f6 Rd2 41. Rxh6 Rxb2 42. f7 Re2+ 43. Kf5 Rf2+ 44. Ke6 Re2+ 45. Kd7 Rd2+ 46.
Ke7 Re2+ 47. Re6 Rf2 48. Rf6 Rf3 49. Rxf3 1-0

[Event "Titled Tue 17th Jun Late"]
[Site "chess.com INT"]
[Date "2025.06.17"]
[Round "10"]
[White "Domingo Nunez, Alejandro"]
[Black "Suvradeepta, Das"]
[Result "1-0"]
[WhiteTitle "FM"]
[BlackTitle "FM"]
[WhiteElo "2340"]
[BlackElo "2230"]
[WhiteFideId "22245561"]
[BlackFideId "5058031"]
[EventDate "2025.06.17"]

1. e4 g6 2. d4 Bg7 3. Nc3 c6 4. h3 d6 5. Be3 Qc7 6. Qd2 b5 7. Bd3 Bb7 8. Nf3 a6
9. O-O Nd7 10. Rfe1 Ngf6 11. e5 dxe5 12. dxe5 Nd5 13. Nxd5 cxd5 14. Bh6 O-O 15.
Bxg7 Kxg7 16. e6 fxe6 17. Ng5 Nc5 18. Qc3+ Rf6 19. b4 h6 20. Nf3 d4 21. Qxc5
Qxc5 22. bxc5 Bxf3 23. gxf3 Rc8 24. Re5 1-0

[Event "Titled Tue 17th Jun Late"]
[Site "chess.com INT"]
[Date "2025.06.17"]
[Round "10"]
[White "Tinmaz, Kerem"]
[Black "Li, Eric 2007"]
[Result "0-1"]
[WhiteTitle "FM"]
[BlackTitle "IM"]
[WhiteElo "2013"]
[BlackElo "2372"]
[WhiteFideId "44559151"]
[BlackFideId "30939941"]
[EventDate "2025.06.17"]

1. e4 c5 2. Nc3 Nc6 3. Bb5 Nd4 4. Bc4 e6 5. Nge2 Ne7 6. Nxd4 cxd4 7. Ne2 Nc6 8.
d3 Bc5 9. O-O O-O 10. Ng3 Na5 11. Bb3 Nxb3 12. axb3 d5 13. f4 b6 14. f5 dxe4 15.
f6 e3 16. fxg7 Kxg7 17. Nh5+ Kh8 18. Qf3 Bd7 19. Qg3 Rg8 20. Qe5+ f6 21. Rxf6
Qb8 22. Qe4 Be8 23. Rh6 Bg6 24. Qh4 Qf8 25. Nf4 Bf5 26. b4 Be7 0-1

[Event "Titled Tue 17th Jun Late"]
[Site "chess.com INT"]
[Date "2025.06.17"]
[Round "10"]
[White "Bryakin, Mikhail"]
[Black "Bazan Romero, Octavio Aaron"]
[Result "1-0"]
[WhiteTitle "GM"]
[BlackTitle "FM"]
[WhiteElo "2462"]
[BlackElo "2289"]
[WhiteFideId "4165314"]
[BlackFideId "20003943"]
[EventDate "2025.06.17"]

1. e4 Nc6 2. Nf3 d5 3. exd5 Qxd5 4. Nc3 Qd6 5. d4 Bg4 6. Be3 e6 7. g3 O-O-O 8.
Bg2 Nf6 9. O-O Be7 10. Qe2 e5 11. h3 Bxf3 12. Qxf3 exd4 13. Nb5 Qb4 14. Nxd4
Rxd4 15. Bxd4 Nxd4 16. Qd3 Ne6 17. c3 Qb6 18. a4 Rd8 19. Qc2 a5 20. b4 Nd5 21.
bxa5 Qxa5 22. Qf5 Bc5 23. Qxf7 Qa6 24. Rad1 Rf8 25. Qh5 Nxc3 26. Rde1 Qb6 27.
Rxe6 Bxf2+ 28. Rxf2 Qxf2+ 29. Kh2 Nd1 30. Re8+ Kd7 31. Rxf8 Qxf8 32. Qxd1+ Qd6
33. Qxd6+ Kxd6 34. Bxb7 Kc5 35. a5 Kb5 36. a6 Kb6 37. Kg2 c6 38. Kf2 1-0

[Event "Titled Tue 17th Jun Late"]
[Site "chess.com INT"]
[Date "2025.06.17"]
[Round "10"]
[White "Maksimovic, Bojan"]
[Black "Krawczyk, Flawian"]
[Result "0-1"]
[WhiteTitle "IM"]
[BlackTitle "CM"]
[WhiteElo "2514"]
[BlackElo "2247"]
[WhiteFideId "14408120"]
[BlackFideId "21881413"]
[EventDate "2025.06.17"]

1. d4 Nf6 2. Bg5 g6 3. Bxf6 exf6 4. e3 d5 5. Nd2 c6 6. Ne2 h5 7. h4 f5 8. g3 Bd6
9. Bg2 Nd7 10. c4 dxc4 11. Nxc4 Bc7 12. Nf4 Nf6 13. Qc2 O-O 14. b4 Re8 15. Rd1
Qe7 16. a3 a5 17. O-O axb4 18. axb4 Qxb4 19. Ne5 Qe7 20. Nfd3 Ne4 21. Rb1 Ra3
22. Rb3 Rxb3 23. Qxb3 Nd2 24. Qc2 Nxf1 25. Bxf1 Be6 26. Qb2 Bxe5 27. Nxe5 Bd5
28. Bg2 Bxg2 29. Kxg2 c5 30. Kh2 cxd4 31. exd4 Rd8 32. Nf3 Qd7 33. Qb6 Qd5 34.
Kg2 Rc8 35. Qb2 b5 36. Qa3 Rc4 37. Kh2 Rc2 38. Kg2 Kg7 39. Qd3 Rb2 0-1

[Event "Titled Tue 17th Jun Late"]
[Site "chess.com INT"]
[Date "2025.06.17"]
[Round "10"]
[White "Distaso, Antonio Pio"]
[Black "Oksendal, Martin"]
[Result "0-1"]
[BlackTitle "FM"]
[WhiteElo "2253"]
[BlackElo "2235"]
[WhiteFideId "805548"]
[BlackFideId "1554107"]
[EventDate "2025.06.17"]

1. e4 c5 2. Nf3 d6 3. d4 cxd4 4. Nxd4 Nf6 5. Nc3 a6 6. Be3 e5 7. Nb3 Be7 8. h3
h5 9. Be2 Be6 10. O-O Nbd7 11. f4 Qc7 12. Qd3 Rc8 13. fxe5 Nxe5 14. Qd4 h4 15.
Rad1 Nh5 16. Bxh5 Rxh5 17. Rf2 Bf6 18. Nd5 Bxd5 19. Qxd5 Nf3+ 20. gxf3 Rxd5 21.
Rxd5 Bxb2 22. Rfd2 Ba3 23. Bf4 Qe7 24. Nd4 g6 25. e5 Rc5 26. Rxd6 Rxe5 27. Bxe5
Bxd6 28. f4 Bxe5 29. fxe5 Qg5+ 30. Rg2 Qe3+ 0-1

[Event "Titled Tue 17th Jun Late"]
[Site "chess.com INT"]
[Date "2025.06.17"]
[Round "10"]
[White "Sharankov, Grigory"]
[Black "Gkavardinas, Antonios"]
[Result "0-1"]
[WhiteTitle "CM"]
[BlackTitle "FM"]
[WhiteElo "2238"]
[BlackElo "2278"]
[WhiteFideId "4168356"]
[BlackFideId "25883097"]
[EventDate "2025.06.17"]

1. e4 c6 2. d4 d5 3. e5 Bf5 4. h4 h5 5. Bg5 Qb6 6. Bd3 Qxd4 7. Nf3 Qg4 8. Bxf5
Qxf5 9. O-O e6 10. c4 Be7 11. Qb3 b6 12. cxd5 cxd5 13. Nc3 Bxg5 14. Nxd5 Bd8 15.
Rad1 Ne7 16. Qb5+ Nec6 17. Nd4 a6 18. Qa4 b5 19. Nxf5 bxa4 20. Nd6+ Kf8 21. Nc3
Nxe5 22. f4 Ng4 23. Rd3 Bb6+ 24. Kh1 Nf2+ 25. Rxf2 Bxf2 26. Nce4 Bxh4 27. g3 Be7
28. Nc8 Nc6 29. Nb6 Rd8 0-1

[Event "Titled Tue 17th Jun Late"]
[Site "chess.com INT"]
[Date "2025.06.17"]
[Round "10"]
[White "Rosenbecker, Daniel"]
[Black "Vila Dupla, Aurelio"]
[Result "0-1"]
[WhiteTitle "CM"]
[BlackTitle "FM"]
[WhiteElo "2109"]
[BlackElo "2056"]
[WhiteFideId "1718959"]
[BlackFideId "2203383"]
[EventDate "2025.06.17"]

1. b3 Nf6 2. Bb2 g6 3. g3 Bg7 4. Bg2 O-O 5. e3 d6 6. Ne2 e5 7. O-O Re8 8. c4 Nc6
9. d4 e4 10. d5 Ne5 11. Qc2 Bf5 12. Nd4 Qd7 13. Nxf5 Qxf5 14. Bxe5 Rxe5 15. Nc3
h5 16. h4 Rae8 17. Nb5 g5 18. hxg5 Qxg5 19. Nxc7 R8e7 20. Nb5 h4 21. Nxd6 Ng4
22. Nxe4 Rxe4 23. Bxe4 hxg3 24. f4 Qh4 25. Bf3 Nxe3 26. Qb2 Bxb2 0-1

[Event "Titled Tue 17th Jun Late"]
[Site "chess.com INT"]
[Date "2025.06.17"]
[Round "10"]
[White "Ngo, Quang Thai"]
[Black "Sindarov, Islombek"]
[Result "0-1"]
[WhiteTitle "FM"]
[BlackTitle "CM"]
[WhiteElo "2326"]
[BlackElo "2129"]
[WhiteFideId "12403768"]
[BlackFideId "14205475"]
[EventDate "2025.06.17"]

1. Nf3 Nf6 2. c4 g6 3. g3 Bg7 4. Bg2 O-O 5. O-O d6 6. Nc3 Nbd7 7. b3 e5 8. Bb2
c6 9. d4 Qc7 10. Qc2 Re8 11. dxe5 dxe5 12. e3 Nf8 13. Rad1 Bf5 14. Qe2 Ne6 15.
h3 h5 16. e4 Nd4 17. Nxd4 exd4 18. Rxd4 Nxe4 19. Nxe4 Bxd4 20. Bxd4 Bxe4 21.
Bxe4 f5 22. Ba1 Rxe4 23. Qb2 Kh7 24. Rd1 Rae8 25. Kg2 f4 26. Qf6 R4e6 27. Qg5
fxg3 28. fxg3 Re2+ 29. Kf1 Qf7+ 30. Qf6 Qxf6+ 31. Bxf6 g5 32. Bxg5 Rxa2 33. Rd7+
Kg6 34. Bf4 Ree2 35. Rxb7 Rh2 36. Kg1 Rhb2 0-1

[Event "Titled Tue 17th Jun Late"]
[Site "chess.com INT"]
[Date "2025.06.17"]
[Round "10"]
[White "Kislinsky, Alexey"]
[Black "Askarov, Bakhtiyar"]
[Result "1-0"]
[WhiteTitle "GM"]
[BlackTitle "IM"]
[WhiteElo "2341"]
[BlackElo "2297"]
[WhiteFideId "14108801"]
[BlackFideId "13701100"]
[EventDate "2025.06.17"]

1. d4 d5 2. c4 e6 3. Nf3 Nf6 4. e3 Be7 5. Nbd2 O-O 6. Bd3 c5 7. b3 Nc6 8. Bb2 b6
9. O-O cxd4 10. exd4 Bb7 11. Qe2 Rc8 12. Rac1 dxc4 13. bxc4 Nb4 14. Bb1 Ba6 15.
Ne5 Nc6 16. Ndf3 Nxe5 17. Nxe5 Qc7 18. Rfe1 Bb7 19. d5 exd5 20. cxd5 Bc5 21. Ng4
Nxg4 22. Qxg4 g6 23. Qh4 f6 24. Rcd1 Qf7 25. Re6 Be7 26. Rde1 Bd8 27. d6 g5 28.
Qh6 Qg7 29. Qh5 Bd5 30. Re7 Bxe7 31. dxe7 Rfe8 32. Bxf6 1-0

[Event "Titled Tue 17th Jun Late"]
[Site "chess.com INT"]
[Date "2025.06.17"]
[Round "10"]
[White "Aliyev, Elnur"]
[Black "Hariharan, Shambavi"]
[Result "1-0"]
[WhiteTitle "CM"]
[BlackTitle "WCM"]
[WhiteElo "2123"]
[BlackElo "1936"]
[WhiteFideId "13402617"]
[BlackFideId "488160"]
[EventDate "2025.06.17"]

1. e4 e5 2. Nf3 Nc6 3. Bb5 a6 4. Bxc6 dxc6 5. O-O f6 6. d4 exd4 7. Nxd4 Bd6 8.
Qh5+ g6 9. Qf3 Be5 10. Ne2 Qd7 11. Nbc3 Qg4 12. Qxg4 Bxg4 13. f3 Be6 14. Bf4
Bxf4 15. Nxf4 Bc4 16. Rfd1 Ne7 17. b3 Bf7 18. Rd2 g5 19. Nfe2 Be6 20. Rad1 O-O
21. Na4 b6 22. c4 Kf7 23. Kf2 Ng6 24. Nb2 Ne5 25. Nd3 Nxd3+ 26. Rxd3 c5 27. Nc3
Ke7 28. Nd5+ Bxd5 29. Rxd5 Rad8 30. Rxd8 Rxd8 31. Rxd8 Kxd8 32. f4 gxf4 33. Kf3
Ke7 34. Kxf4 Ke6 35. g4 b5 36. a4 c6 37. h4 h6 38. a5 b4 39. h5 Ke7 40. Kf5 Kf7
41. e5 fxe5 42. Kxe5 Kg7 43. Ke6 1-0

[Event "Titled Tue 17th Jun Late"]
[Site "chess.com INT"]
[Date "2025.06.17"]
[Round "10"]
[White "Molinaroli, Martin"]
[Black "Li, Xueyi"]
[Result "1-0"]
[WhiteTitle "FM"]
[BlackTitle "WGM"]
[WhiteElo "2157"]
[BlackElo "2220"]
[WhiteFideId "4606604"]
[BlackFideId "8605912"]
[EventDate "2025.06.17"]

1. b3 d5 2. Bb2 c6 3. e3 Bf5 4. Nf3 Nd7 5. d4 Ngf6 6. c4 e6 7. Nc3 Bd6 8. Bd3
Bg6 9. O-O O-O 10. Bxg6 hxg6 11. Re1 e5 12. cxd5 cxd5 13. Nb5 Bb4 14. dxe5 Bxe1
15. exf6 Nxf6 16. Qxe1 a6 17. Nbd4 Re8 18. h3 Rc8 19. Rd1 Ne4 20. Nd2 Nxd2 21.
Rxd2 Qd6 22. g3 Qd7 23. Kg2 Kh7 24. Qd1 Rh8 25. h4 Kg8 26. Qf3 g5 27. h5 g4 28.
Qf5 Qxf5 29. Nxf5 Rd8 30. h6 1-0

[Event "Titled Tue 17th Jun Late"]
[Site "chess.com INT"]
[Date "2025.06.17"]
[Round "10"]
[White "Sadykov, Ramil"]
[Black "Palczert, Matyas"]
[Result "1-0"]
[WhiteTitle "FM"]
[BlackTitle "FM"]
[WhiteElo "2264"]
[BlackElo "2396"]
[WhiteFideId "24113590"]
[BlackFideId "784958"]
[EventDate "2025.06.17"]

1. d4 Nf6 2. Nf3 g6 3. c4 Bg7 4. Nc3 d5 5. cxd5 Nxd5 6. e4 Nxc3 7. bxc3 c5 8.
Bb5+ Nd7 9. O-O O-O 10. Be3 a6 11. Be2 b5 12. a4 b4 13. cxb4 cxb4 14. a5 Bb7 15.
Nd2 Nb8 16. d5 Bxa1 17. Qxa1 f6 18. Rb1 Nd7 19. Rxb4 Qc7 20. Qb2 Rab8 21. Ba7
Qxa5 22. Nc4 Qc7 23. Bxb8 Rxb8 24. Bg4 Bc8 25. Be6+ Kg7 26. h3 Qxc4 27. Rxc4
Rxb2 28. Rxc8 Nf8 29. Rc7 f5 30. Rxe7+ Kh6 31. exf5 gxf5 32. Bxf5 Rd2 33. Rf7
Rxd5 34. Rxf8 Kg7 35. Rg8+ Kf7 36. Bxh7 Rh5 37. Bg6+ 1-0

[Event "Titled Tue 17th Jun Late"]
[Site "chess.com INT"]
[Date "2025.06.17"]
[Round "10"]
[White "Petrus, Adrian"]
[Black "Khenkin, Igor"]
[Result "0-1"]
[WhiteTitle "CM"]
[BlackTitle "GM"]
[WhiteElo "2203"]
[BlackElo "2499"]
[WhiteFideId "14573652"]
[BlackFideId "4659600"]
[EventDate "2025.06.17"]

1. e4 c6 2. Nf3 d5 3. Nc3 dxe4 4. Nxe4 Nf6 5. Qe2 Nxe4 6. Qxe4 Be6 7. Bc4 Bd5 8.
Bxd5 cxd5 9. Qb4 Qc7 10. Qb3 e6 11. d4 Nc6 12. c3 Bd6 13. O-O O-O 14. a4 a6 15.
h3 h6 16. Re1 Na5 17. Qd1 b5 18. axb5 axb5 19. Qd3 b4 20. Ne5 bxc3 21. bxc3 Bxe5
22. dxe5 Nc4 23. Rxa8 Rxa8 24. Bf4 Ra2 25. Qg3 Kh8 26. Rb1 Qa7 27. Kh2 Qxf2 28.
Rb8+ Kh7 29. Qg4 Ne3 30. Bxe3 Qxe3 31. Qd4 Qxd4 32. cxd4 Ra4 33. Rb7 Kg6 34. h4
h5 35. Rb3 Rxd4 36. Rg3+ Rg4 0-1

[Event "Titled Tue 17th Jun Late"]
[Site "chess.com INT"]
[Date "2025.06.17"]
[Round "10"]
[White "Khanbutaev, Artemii"]
[Black "Vinolas Anglada, Laura"]
[Result "0-1"]
[BlackTitle "WCM"]
[WhiteElo "2139"]
[BlackElo "2059"]
[WhiteFideId "55747175"]
[BlackFideId "24517925"]
[EventDate "2025.06.17"]

1. d4 d5 2. c4 e6 3. Nf3 Nf6 4. g3 Be7 5. Bg2 O-O 6. O-O Nbd7 7. Qc2 c6 8. Nbd2
b6 9. e4 dxc4 10. Nxc4 Bb7 11. h4 c5 12. e5 Nd5 13. Ng5 g6 14. dxc5 Nxc5 15. a3
b5 16. Nd6 Bxd6 17. exd6 Qxd6 18. Rd1 Rac8 19. Bf4 Qb6 20. Bd2 a5 21. h5 b4 22.
axb4 Nxb4 23. Qb1 Bxg2 24. Kxg2 Ncd3 25. Be3 Qb7+ 26. Kg1 h6 27. Nh3 g5 28. Rxd3
Nxd3 29. Qxd3 Qf3 30. Qd4 Rfd8 31. Qe5 Rd5 32. Nxg5 hxg5 0-1

[Event "Titled Tue 17th Jun Late"]
[Site "chess.com INT"]
[Date "2025.06.17"]
[Round "10"]
[White "Shermuhammadov, Samandar"]
[Black "Sethuraman, Roshan"]
[Result "0-1"]
[WhiteTitle "FM"]
[WhiteElo "2110"]
[BlackElo "2074"]
[WhiteFideId "14205602"]
[BlackFideId "30965250"]
[EventDate "2025.06.17"]

1. e4 c5 2. Nf3 d6 3. d4 cxd4 4. Qxd4 a6 5. c4 Nc6 6. Qe3 g6 7. Nc3 Bh6 8. Qe2
Bg7 9. Qd1 Nf6 10. Be2 O-O 11. O-O Bg4 12. h3 Bxf3 13. Bxf3 Nd7 14. Be3 Nc5 15.
Rc1 e5 16. Nd5 Nd4 17. Bxd4 exd4 18. b4 Ne6 19. Bg4 Rc8 20. a4 h5 21. Be2 Qg5
22. f4 Qd8 23. a5 Nc7 24. Nb6 Rb8 25. Bd3 Na8 26. Nd5 Nc7 27. f5 Nxd5 28. exd5
Qg5 29. Qf3 Be5 30. Qe4 Kg7 31. c5 Rbe8 32. Qf3 Bg3 33. f6+ Kg8 34. c6 Re3 35.
Qd1 Be5 36. Rc2 Qg3 37. Rf3 Qh2+ 38. Kf2 Bg3+ 39. Rxg3 Qxg3+ 40. Kf1 Rxd3 41.
Qc1 Rc3 42. Rxc3 Qxc3 43. Qh6 Qd3+ 44. Kg1 Qe3+ 45. Qxe3 dxe3 46. b5 bxc6 47.
dxc6 axb5 0-1

[Event "Titled Tue 17th Jun Late"]
[Site "chess.com INT"]
[Date "2025.06.17"]
[Round "10"]
[White "Watanabe, Akira"]
[Black "Kjaergaard-Jensen, Jesper"]
[Result "1-0"]
[WhiteTitle "FM"]
[BlackTitle "CM"]
[WhiteElo "2284"]
[BlackElo "2081"]
[WhiteFideId "7000227"]
[BlackFideId "1406990"]
[EventDate "2025.06.17"]

1. d4 Nf6 2. c4 d6 3. g3 e5 4. d5 Bf5 5. Bg2 Nbd7 6. Nc3 Nc5 7. Nf3 Be7 8. O-O
Qd7 9. Nd2 Bh3 10. b4 Bxg2 11. Kxg2 Na6 12. Rb1 h5 13. h4 g5 14. Nf3 gxh4 15.
Nxh4 O-O-O 16. e4 Ng4 17. Nf5 Rdg8 18. Nb5 h4 19. Nxa7+ Kb8 20. b5 hxg3 21. bxa6
gxf2 22. Rxb7+ Ka8 23. Qb3 Ne3+ 24. Kxf2 Nxf5 25. Nc6 Rh2+ 26. Ke1 Rhh8 27. Ra7# 1-0

[Event "Titled Tue 17th Jun Late"]
[Site "chess.com INT"]
[Date "2025.06.17"]
[Round "10"]
[White "Galchenko, Matvey"]
[Black "Sarana, Alexey"]
[Result "0-1"]
[WhiteTitle "IM"]
[BlackTitle "GM"]
[WhiteElo "2435"]
[BlackElo "2686"]
[WhiteFideId "24175480"]
[BlackFideId "24133795"]
[EventDate "2025.06.17"]

1. e4 c5 2. c3 d5 3. exd5 Qxd5 4. d4 Nf6 5. Nf3 e6 6. Na3 Nc6 7. Be3 a6 8. Nc4
cxd4 9. Nxd4 Bc5 10. Nxc6 Qxc6 11. Bxc5 Qxc5 12. Nd6+ Ke7 13. Nc4 b5 14. Qf3
bxc4 15. Qxa8 Nd5 16. Qb8 Rd8 17. Rd1 Rd6 18. Be2 Rb6 19. Qe5 f6 20. Qg3 g5 21.
Rd2 Nf4 22. O-O Rd6 23. Rc2 Qf5 24. Bd1 Rxd1 25. Rxd1 Qxc2 26. Qf3 Ne2+ 0-1

[Event "Titled Tue 17th Jun Late"]
[Site "chess.com INT"]
[Date "2025.06.17"]
[Round "10"]
[White "Calvo Gonzalez, Jose Felix"]
[Black "Cevizci, Yusuf Baran"]
[Result "1-0"]
[WhiteTitle "CM"]
[BlackTitle "CM"]
[WhiteElo "2168"]
[BlackElo "2062"]
[WhiteFideId "54505615"]
[BlackFideId "34565400"]
[EventDate "2025.06.17"]

1. e4 e6 2. d4 d5 3. Nd2 Be7 4. Ngf3 Nf6 5. Bd3 c5 6. e5 Nfd7 7. c3 Nc6 8. O-O
g5 9. dxc5 g4 10. Nd4 Ndxe5 11. N2b3 h5 12. Bf4 Nxd3 13. Qxd3 Bd7 14. Rfe1 Bg5
15. Bd6 Qf6 16. Nb5 Kd8 17. N3d4 Bf4 18. Nxc6+ bxc6 19. Nd4 Bxd6 20. cxd6 e5 21.
Nb3 Qxd6 22. c4 a5 23. cxd5 a4 24. Nd2 cxd5 25. Nc4 Qa6 26. Qxd5 Qc6 27. Qxf7 1-0

[Event "Titled Tue 17th Jun Late"]
[Site "chess.com INT"]
[Date "2025.06.17"]
[Round "10"]
[White "Schmider, Niklas"]
[Black "Gerbelli Neto, Eduardo"]
[Result "0-1"]
[WhiteTitle "IM"]
[WhiteElo "2421"]
[BlackElo "2114"]
[WhiteFideId "12993778"]
[BlackFideId "2103281"]
[EventDate "2025.06.17"]

1. e4 e5 2. Nf3 Nc6 3. Bb5 a6 4. Ba4 d6 5. d4 b5 6. Bb3 Nxd4 7. Nxd4 exd4 8. c3
Bb7 9. cxd4 Nf6 10. f3 c5 11. d5 c4 12. Bc2 Be7 13. O-O O-O 14. Be3 Nd7 15. Nc3
Bf6 16. Qd2 b4 17. Nd1 a5 18. Rc1 Ba6 19. Re1 Rc8 20. Ba4 Ne5 21. Nf2 c3 22.
bxc3 bxc3 23. Qc2 Nc4 24. Bf4 Qb6 25. Rb1 Nb2 26. Be3 Bd4 27. Bxd4 Qxd4 28. Bc6
Bc4 29. a3 Rb8 30. Rbc1 Nd3 31. Red1 Rb2 32. Rxd3 Bxd3 0-1

[Event "Titled Tue 17th Jun Late"]
[Site "chess.com INT"]
[Date "2025.06.17"]
[Round "10"]
[White "Jasinski, Alexander"]
[Black "Petrenko, Maryna"]
[Result "1-0"]
[BlackTitle "WFM"]
[WhiteElo "1989"]
[BlackElo "2062"]
[WhiteFideId "55627994"]
[BlackFideId "14197820"]
[EventDate "2025.06.17"]

1. e4 c6 2. d4 d5 3. e5 c5 4. dxc5 Nc6 5. f4 g5 6. fxg5 Nxe5 7. Be3 Bg4 8. Be2
Nc4 9. Bd4 Bxe2 10. Nxe2 e5 11. Bc3 Bxc5 12. b4 Bb6 13. Qd3 Rc8 14. Qf5 d4 15.
Nd2 Qd7 16. Qe4 Qe7 17. Nxc4 Rxc4 18. Rf1 Rxc3 19. Nxc3 dxc3 20. Rf5 Bd4 21. Rd1
Kf8 22. Ke2 h6 23. Rdf1 Rh7 24. g6 Rg7 25. Rxf7+ Rxf7 26. Rxf7+ Qxf7 27. gxf7
Kxf7 28. Qxb7+ Kf6 29. Qf3+ 1-0

[Event "Titled Tue 17th Jun Late"]
[Site "chess.com INT"]
[Date "2025.06.17"]
[Round "10"]
[White "Gomes, Luiz Alexandre de Souza"]
[Black "Garcia Correa, Jose Ricardo"]
[Result "0-1"]
[WhiteTitle "FM"]
[BlackTitle "FM"]
[WhiteElo "2254"]
[BlackElo "2103"]
[WhiteFideId "2102790"]
[BlackFideId "5101832"]
[EventDate "2025.06.17"]

1. e4 e5 2. Nf3 Nc6 3. Bb5 a6 4. Ba4 Bc5 5. O-O Qf6 6. c3 Nge7 7. d3 h6 8. Be3
Ba7 9. Nbd2 O-O 10. Re1 b5 11. Bc2 d6 12. Nf1 Ng6 13. h3 Nf4 14. Ng3 g6 15. Kh2
Be6 16. a4 b4 17. a5 Bc5 18. Bxc5 dxc5 19. Qd2 Rfd8 20. Qe3 b3 21. Bb1 c4 22.
dxc4 Bxc4 23. Nf1 Rd6 24. N1d2 Be6 25. Ra3 Rb8 26. Qc5 Rbd8 27. Nc4 Bxc4 28.
Qxc4 Rd1 29. Rxb3 Rxe1 30. Nxe1 Rd1 31. Nf3 Rxb1 32. Rb7 Nxh3 33. Rxc7 Qf4+ 34.
g3 Qxf3 0-1

[Event "Titled Tue 17th Jun Late"]
[Site "chess.com INT"]
[Date "2025.06.17"]
[Round "10"]
[White "Labussiere, Victor"]
[Black "Manvelyan, Mikayel"]
[Result "0-1"]
[WhiteTitle "FM"]
[BlackTitle "FM"]
[WhiteElo "2312"]
[BlackElo "2362"]
[WhiteFideId "2183129"]
[BlackFideId "13310143"]
[EventDate "2025.06.17"]

1. Nf3 d5 2. c4 d4 3. b4 c5 4. bxc5 Nc6 5. d3 e5 6. g3 Bxc5 7. Bg2 Nf6 8. Bg5 h6
9. Bxf6 Qxf6 10. O-O O-O 11. Nbd2 Qe7 12. Rb1 Bb4 13. Qb3 a5 14. e3 dxe3 15.
fxe3 Be6 16. Rbd1 Rfd8 17. Nh4 Qc5 18. Rfe1 Bg4 19. Bf3 Bxf3 20. Nhxf3 Bxd2 21.
Rxd2 Rd7 22. Qb5 Qe7 23. d4 exd4 24. exd4 Qf6 25. Rf2 Re7 26. d5 Nd4 27. Ne5
Nxb5 28. Rxf6 gxf6 0-1

[Event "Titled Tue 17th Jun Late"]
[Site "chess.com INT"]
[Date "2025.06.17"]
[Round "10"]
[White "Hartge, Gedeon"]
[Black "Deng, Henry"]
[Result "0-1"]
[WhiteTitle "FM"]
[BlackTitle "FM"]
[WhiteElo "2328"]
[BlackElo "2327"]
[WhiteFideId "12932116"]
[BlackFideId "30965454"]
[EventDate "2025.06.17"]

1. e4 c5 2. Nc3 e6 3. Nf3 Nc6 4. d4 cxd4 5. Nxd4 Nf6 6. Ndb5 Bb4 7. a3 Bxc3+ 8.
Nxc3 d5 9. exd5 exd5 10. Bd3 O-O 11. O-O Bg4 12. f3 Bh5 13. Bg5 Qb6+ 14. Kh1 Ne4
15. Nxe4 dxe4 16. Bxe4 Qxb2 17. Qb1 Qb6 18. Qxb6 axb6 19. Rfb1 Bg6 20. Bxg6 hxg6
21. Rxb6 Nd4 22. c3 Nc2 23. Ra2 Nxa3 24. Rxb7 f6 25. Bf4 g5 26. Bg3 Nb5 27. Rxa8
Rxa8 28. h4 gxh4 29. Bxh4 Nxc3 30. Kh2 Nd5 31. Rd7 Ne3 32. Rd3 Nf5 33. Bg3 Kh7
34. Bf4 Ra2 35. Kh3 Kg6 36. Rd5 Ra8 37. g4 Ne7 38. Rd7 Nc6 39. Kg3 Ra3 40. Rd6
Rc3 41. g5 Kf5 42. gxf6 gxf6 43. Rd5+ Ke6 44. Rd6+ Ke7 45. Rd5 Rc4 46. Rd3 Nd4
47. Be3 Nf5+ 48. Kf2 Rc2+ 49. Rd2 Rc3 50. Ke2 Rxe3+ 51. Kf2 Ra3 52. Re2+ Kf7 53.
Rb2 Nd4 0-1

[Event "Titled Tue 17th Jun Late"]
[Site "chess.com INT"]
[Date "2025.06.17"]
[Round "10"]
[White "Holinka, Henning"]
[Black "Marchesich, Giovanni"]
[Result "1-0"]
[WhiteTitle "FM"]
[BlackTitle "CM"]
[WhiteElo "2303"]
[BlackElo "2189"]
[WhiteFideId "12967084"]
[BlackFideId "2824790"]
[EventDate "2025.06.17"]

1. Nf3 g6 2. e4 c5 3. c3 Nf6 4. e5 Nd5 5. d4 cxd4 6. Bc4 Nb6 7. Bb3 Bg7 8. cxd4
O-O 9. Nc3 d6 10. Bf4 dxe5 11. Bxe5 Nc6 12. Bxg7 Kxg7 13. d5 Na5 14. Qd4+ f6 15.
h4 Nxb3 16. axb3 e5 17. Qc5 Bf5 18. h5 Rc8 19. Qe3 g5 20. h6+ Kh8 21. Rxa7 Nxd5
22. Nxd5 Qxd5 23. O-O Rfd8 24. Qb6 Qc6 25. Rxb7 Qxb6 26. Rxb6 Rf8 27. Ra1 Kg8
28. Ra7 Rf7 29. Raa6 Rcf8 30. Kh2 Bc8 31. Ra8 Rc7 32. Nd2 Rc2 33. Ne4 Rxf2 34.
Nxf2 1-0